000
00311nam a2200133 a 4500
082
0
0
_a
297 CHIL
100
_a
Chinniah, T I
245
_a
Literature on Islam in Telugu
260
_a
Hyderabad
_b
Osmania University
_c
1976
300
_a
171
650
_a
Islam-Meccan Trade
700
1
_a
Chinniah, T I
942
_c
RRB
999
_c
4256
_d
4256